THE JOY OF LIVING (Record no. 9478)

MARC details
000 -LEADER
fixed length control field 00427nam a22001577a 4500
003 - CONTROL NUMBER IDENTIFIER
control field SGT
020 ## - INTERNATIONAL STANDARD BOOK NUMBER
International Standard Book Number 9780307346254
082 ## - DEWEY DECIMAL CLASSIFICATION NUMBER
Classification number 294.3444,GOL
100 ## - MAIN ENTRY--PERSONAL NAME
Personal name DANIEL, GOLEMAN
245 ## - TITLE STATEMENT
Title THE JOY OF LIVING
260 ## - PUBLICATION, DISTRIBUTION, ETC. (IMPRINT)
Place of publication, distribution, etc NEW YORK
Name of publisher, distributor, etc HARMONY BOOKS
Year of Publication 2007
300 ## - PAGE DESCRIPTION
No. of Pages 272
650 ## - SUBJECT ADDED ENTRY--TOPICAL TERM
Topical term or geographic name as entry element RELIGIONS OF INDIC ORIGIN ( BUDDHISM)
653 ## - KEYWORDS--INDEX TERM
Keyword term THE JOURNEY BEGINS,THE INNER SYMPHONY,BEYOND THE MIND BEYOND REALITY
942 ## - ADDED ENTRY ELEMENTS (KOHA)
Source of classification or shelving scheme Dewey Decimal Classification
Koha item type FCM Books
Holdings
Withdrawn status Lost status Source of classification or shelving scheme Damaged status Not for loan Collection code Home library Current library Shelving location Date acquired Vendor Name SGTU Total Checkouts Full call number Accession No. (Barcode) Date last seen Date last borrowed Bill Date Koha item type
    Dewey Decimal Classification     COMMERCE MANAGEMENT SGT Science & Social Sciences Library SGT Science & Social Sciences Library Reference Book 05/07/2016 GIFT SGTU 1 294.3444,GOL CM1228 15/05/2025 09/05/2025 05/07/2016 FCM Books